Welcome to the Holygrace Academy Library

Please use search bar below to get started

151 MORAL STORIES (Record no. 9170)

MARC details
000 -LEADER
fixed length control field 00310nam a22001337a 4500
082 ## - DEWEY DECIMAL CLASSIFICATION NUMBER
Classification number 823
Item number MAN/H
100 ## - MAIN ENTRY--AUTHOR NAME
Personal name MANOJ PUBLICATION
245 ## - TITLE STATEMENT
Title 151 MORAL STORIES
246 ## - VARYING FORM OF TITLE
Title proper/short title 151 MORAL STORIES
Remainder of title 151 MORAL STORIES
260 ## - PUBLICATION, DISTRIBUTION, ETC. (IMPRINT)
Place of publication NEW DELHI
Name of publisher MANOJ
Year of publication 2025
300 ## - PHYSICAL DESCRIPTION
Number of Pages 80
650 ## - SUBJECT ADDED ENTRY--TOPICAL TERM
Topical Term ENGLISH STORIES
942 ## - ADDED ENTRY ELEMENTS (KOHA)
Koha item type Books
Holdings
Withdrawn status Lost status Collection code Home library Current library Date acquired Source of acquisition Cost, normal purchase price Full call number Accession Number Koha item type
    ENGLISH FICTION Main Library Main Library 02/12/2025 CONTRIBUTION 180.00 823 MAN/H 13882 Books